Sahaba Karam (RA) Ki Wasiyatain aur Akhree Alfaz / (Record no. 187890)
[ view plain ]
| 000 -LEADER | |
|---|---|
| fixed length control field | 00406 a2200157 4500 |
| 003 - CONTROL NUMBER IDENTIFIER | |
| control field | Nust |
| 005 - DATE AND TIME OF LATEST TRANSACTION | |
| control field | 20230309142332.0 |
| 040 ## - CATALOGING SOURCE | |
| Transcribing agency | Nust |
| 082 ## - DEWEY DECIMAL CLASSIFICATION NUMBER | |
| Classification number | 297.631.MUH |
| 100 ## - MAIN ENTRY--PERSONAL NAME | |
| Personal name | Nawaz, Muhammad Hafiz |
| 9 (RLIN) | 110095 |
| 245 ## - TITLE STATEMENT | |
| Title | Sahaba Karam (RA) Ki Wasiyatain aur Akhree Alfaz / |
| Statement of responsibility, etc. | Hafiz Muhammad Nawaz |
| 260 ## - PUBLICATION, DISTRIBUTION, ETC. | |
| Place of publication, distribution, etc. | Lahore |
| Name of publisher, distributor, etc. | Apna Idhara |
| 300 ## - PHYSICAL DESCRIPTION | |
| Extent | 192: p |
| 650 ## - SUBJECT ADDED ENTRY--TOPICAL TERM | |
| Topical term or geographic name entry element | Islam |
| 942 ## - ADDED ENTRY ELEMENTS (KOHA) | |
| Source of classification or shelving scheme | |
| Koha item type | Book |
| Call number prefix | 297.631.MUH |
| Withdrawn status | Lost status | Source of classification or shelving scheme | Damaged status | Not for loan | Permanent Location | Current Location | Shelving location | Date acquired | Full call number | Barcode | Date last seen | Price effective from | Koha item type | Public note |
|---|---|---|---|---|---|---|---|---|---|---|---|---|---|---|
| Military College of Signals (MCS) | Military College of Signals (MCS) | General Stacks | 12/12/2016 | 297.631,MUH | MCS28222 | 12/08/2016 | 12/12/2016 | Book | Almirha No 64, Shelf No 4 |
